[Event "Titled Tuesday intern op 02nd Apr Late"]
[Site "Chess.com INT"]
[Date "2024.04.02"]
[Round "10"]
[White "Potapova, Margarita"]
[Black "Lima, Artur Tin Lun Dai"]
[Result "1-0"]
[WhiteElo "2112"]
[BlackElo "1968"]
[PlyCount "87"]
[EventDate "2024.04.02"]
[EventType "swiss (blitz)"]
[EventRounds "11"]
[EventCountry "USA"]
[SourceTitle "CB15_2024"]
[SourceDate "2024.04.10"]
[SourceVersion "1"]
[SourceVersionDate "2024.04.10"]
[SourceQuality "1"]

1. e4 Nf6 2. Nc3 e5 3. Nf3 Nc6 4. d4 exd4 5. Nxd4 Bb4 6. Nxc6 bxc6 7. Bd3 0-0 8. 0-0 Re8 9. Bg5 d6 10. Qf3 h6 11. Bh4 Rb8 12. h3 g5 13. Bg3 Kg7 14. Qe3 Bc5 15. Qd2 a5 16. Kh1 Nh5 17. Bh2 Bd4 18. Be2 Bxc3 19. Qxc3+ Nf6 20. f4 Kg8 21. fxg5 Nxe4 22. Qf3 Nxg5 23. Qh5 Qe7 24. Qxh6 Nh7 25. Bd3 f5 26. Rf3 Qf6 27. Rg3+ Kh8 28. Rg6 Qxb2 29. Rf1 Rf8 30. Bg3 Bd7 31. Bh4 Rf7 32. Rf3 Qa1+ 33. Kh2 Qe5+ 34. Bg3 Qa1 35. Bf4 Rg8 36. Rxg8+ Kxg8 37. Rg3+ Kh8 38. Bc4 d5 39. Bd3 Qf6 40. Qh5 Rg7 41. Re3 Kg8 42. Be5 Qg6 43. Qe2 Re7 44. Rg3 1-0

[Event "Titled Tuesday intern op 06th Feb Early"]
[Site "Chess.com INT"]
[Date "2024.02.06"]
[Round "3"]
[White "Lima, Artur Tin Lun Dai"]
[Black "Ghosh, Chanchal Kumer"]
[Result "1-0"]
[WhiteElo "1960"]
[BlackElo "2026"]
[PlyCount "81"]
[EventDate "2024.02.06"]
[EventType "swiss (blitz)"]
[EventRounds "11"]
[EventCountry "USA"]
[SourceTitle "CB07_2024"]
[SourceDate "2024.02.14"]
[SourceVersion "1"]
[SourceVersionDate "2024.02.14"]
[SourceQuality "1"]

1. d4 d5 2. c4 e6 3. Nc3 Nf6 4. cxd5 exd5 5. Bf4 a6 6. e3 Bd6 7. Bxd6 Qxd6 8. Bd3 b6 9. Nf3 Bb7 10. 0-0 Nbd7 11. Qc2 0-0 12. Rfd1 Rfe8 13. Rac1 h6 14. h3 Rac8 15. Qb1 Ne4 16. Nd2 Ndf6 17. Ndxe4 dxe4 18. Bc4 g5 19. Ne2 Rcd8 20. Ng3 Bc8 21. Be2 g4 22. hxg4 Bxg4 23. Qc2 h5 24. Qxc7 h4 25. Qxd6 Rxd6 26. Bxg4 hxg3 27. Bh3 gxf2+ 28. Kxf2 Kg7 29. Rc7 Rh8 30. Rdc1 Rh5 31. Ra7 Nd5 32. Rxa6 Nb4 33. Ra3 Nd3+ 34. Rxd3 exd3 35. Rd1 Rf6+ 36. Kg1 Rg5 37. Rxd3 Rg3 38. Kh2 Rfg6 39. d5 R3g5 40. d6 Rb5 41. d7 1-0

[Event "Titled Tuesday intern op 06th Feb Early"]
[Site "Chess.com INT"]
[Date "2024.02.06"]
[Round "2"]
[White "Rozman, Levy"]
[Black "Lima, Artur Tin Lun Dai"]
[Result "1-0"]
[WhiteElo "2322"]
[BlackElo "1960"]
[PlyCount "77"]
[EventDate "2024.02.06"]
[EventType "swiss (blitz)"]
[EventRounds "11"]
[EventCountry "USA"]
[SourceTitle "CB07_2024"]
[SourceDate "2024.02.14"]
[SourceVersion "1"]
[SourceVersionDate "2024.02.14"]
[SourceQuality "1"]

1. e4 e5 2. Nf3 Nc6 3. c3 d5 4. Qa4 Bd7 5. exd5 Nd4 6. Qd1 Nxf3+ 7. Qxf3 Nf6 8. Bc4 Bd6 9. d3 0-0 10. 0-0 h6 11. h3 b5 12. Bb3 a5 13. a4 b4 14. Nd2 Rb8 15. c4 Qe8 16. Re1 c6 17. d4 cxd5 18. cxd5 Qe7 19. Nc4 e4 20. Nxd6 Qxd6 21. Qf4 Qb6 22. Be3 Rbc8 23. Rac1 Qa6 24. Rc5 Rxc5 25. dxc5 Qd3 26. Ba2 b3 27. Bb1 Qxd5 28. Qc7 Bxa4 29. Qxa5 Bc6 30. Qc3 Rd8 31. Kh2 Rd7 32. Re2 Bb5 33. Rd2 Qe6 34. Bd4 Bc6 35. Qg3 Qf5 36. f3 h5 37. fxe4 Bxe4 38. Bxe4 Qxe4 39. Bxf6 1-0

[Event "Titled Tuesday intern op 09th Jan Early"]
[Site "Chess.com INT"]
[Date "2024.01.09"]
[Round "11"]
[White "Cori Tello, Deysi Estella"]
[Black "Lima, Artur Tin Lun Dai"]
[Result "0-1"]
[WhiteElo "2389"]
[BlackElo "1960"]
[PlyCount "66"]
[EventDate "2024.01.09"]
[EventType "swiss (blitz)"]
[EventRounds "11"]
[EventCountry "USA"]
[SourceTitle "CB03_2024"]
[SourceDate "2024.01.17"]
[SourceVersion "1"]
[SourceVersionDate "2024.01.17"]
[SourceQuality "1"]

1. e4 c5 2. Nf3 d6 3. Bb5+ Bd7 4. Bxd7+ Qxd7 5. 0-0 Nc6 6. d4 cxd4 7. Nxd4 Nf6 8. Nc3 e6 9. Re1 a6 10. Bg5 Be7 11. Qd2 h6 12. Bh4 0-0 13. Rad1 Rad8 14. Nb3 Qc7 15. h3 Rfe8 16. Qe2 Ne5 17. Bg3 Nc4 18. Qf3 Nxb2 19. e5 Nxd1 20. exf6 Qxc3 21. Qxc3 Nxc3 22. fxe7 Rxe7 23. a3 d5 24. Bh4 f6 25. Nd4 Kf7 26. f3 Rc8 27. Bg3 Rc4 28. Bf2 Nb5 29. Nxb5 axb5 30. Rb1 Rxc2 31. Rxb5 Rd7 32. Bc5 d4 33. Bb4 d3 0-1

[Event "Titled Tuesday intern op 09th Jan Early"]
[Site "Chess.com INT"]
[Date "2024.01.09"]
[Round "2"]
[White "Fier, Alexandr"]
[Black "Lima, Artur Tin Lun Dai"]
[Result "1-0"]
[WhiteElo "2549"]
[BlackElo "1960"]
[PlyCount "121"]
[EventDate "2024.01.09"]
[EventType "swiss (blitz)"]
[EventRounds "11"]
[EventCountry "USA"]
[SourceTitle "CB03_2024"]
[SourceDate "2024.01.17"]
[SourceVersion "1"]
[SourceVersionDate "2024.01.17"]
[SourceQuality "1"]

1. d4 Nf6 2. Bg5 g6 3. Bxf6 exf6 4. e3 d5 5. c4 dxc4 6. Bxc4 Bd6 7. Nc3 c6 8. Nf3 0-0 9. h4 h5 10. Qc2 Kg7 11. 0-0-0 b5 12. Bd3 a5 13. Ne4 Be7 14. Kb1 Na6 15. Nc5 Nb4 16. Qc3 Nxd3 17. Nxd3 Bf5 18. Ka1 Qd6 19. Nc5 b4 20. Qc4 Qd5 21. Rc1 Rfc8 22. Rhe1 Be4 23. Nxe4 Qxe4 24. Red1 a4 25. Qd3 Qg4 26. e4 b3 27. a3 Qxg2 28. Qe3 Qg4 29. e5 Qe6 30. Re1 fxe5 31. Nxe5 Bf6 32. f4 Qd5 33. Rc5 Qe6 34. Qg3 Rd8 35. Nxg6 Qg4 36. Qxg4 hxg4 37. Ne5 Rxd4 38. Nxg4 Rxf4 39. Nxf6 Rxf6 40. Kb1 Rh8 41. Rc4 Rh5 42. Rxa4 Rfh6 43. Rb4 Rxh4 44. Rxb3 f5 45. Rf3 Rf6 46. Ref1 f4 47. Kc2 Kg6 48. a4 Kf5 49. a5 c5 50. Kc3 Rh7 51. Kc4 Rb7 52. Rxf4+ Ke5 53. Rxf6 Rxb2 54. Kxc5 Rc2+ 55. Kb6 Rb2+ 56. Ka7 Ke4 57. Rb6 Ra2 58. a6 Ke5 59. Rf8 Rc2 60. Re8+ Kd5 61. Rd8+ 1-0

[Event "Titled Tuesday intern op 09th Jan Early"]
[Site "Chess.com INT"]
[Date "2024.01.09"]
[Round "6"]
[White "Lima, Artur Tin Lun Dai"]
[Black "Avramidou, Anastasia"]
[Result "0-1"]
[WhiteElo "1960"]
[BlackElo "2287"]
[PlyCount "82"]
[EventDate "2024.01.09"]
[EventType "swiss (blitz)"]
[EventRounds "11"]
[EventCountry "USA"]
[SourceTitle "CB03_2024"]
[SourceDate "2024.01.17"]
[SourceVersion "1"]
[SourceVersionDate "2024.01.17"]
[SourceQuality "1"]

1. Nf3 Nf6 2. c4 g6 3. b3 Bg7 4. Bb2 0-0 5. g3 d6 6. Bg2 c5 7. 0-0 Nc6 8. d4 Ne4 9. e3 Bd7 10. Nbd2 Nxd2 11. Qxd2 Bg4 12. Rfd1 Qa5 13. Bc3 Qc7 14. h3 Bf5 15. Nh4 cxd4 16. exd4 Bd7 17. Re1 Rfe8 18. Re2 Rad8 19. Rae1 e5 20. dxe5 dxe5 21. Qb2 Nd4 22. Rd2 Qc8 23. Kh2 Bf6 24. Nf3 Nxf3+ 25. Bxf3 Bxh3 26. Rxd8 Rxd8 27. Bxe5 Bxe5 28. Qxe5 Be6 29. Re2 b6 30. Qf6 Re8 31. Qg5 Qd8 32. Qf4 Kg7 33. Qe5+ Qf6 34. Qe3 Rd8 35. Kg2 h5 36. Qe4 Rh8 37. Qe5 h4 38. Qxf6+ Kxf6 39. gxh4 Rxh4 40. Rc2 Rd4 41. c5 Rd7 0-1

[Event "Titled Tuesday intern op 09th Jan Early"]
[Site "Chess.com INT"]
[Date "2024.01.09"]
[Round "3"]
[White "Lima, Artur Tin Lun Dai"]
[Black "Estrada Nieto, Julian"]
[Result "0-1"]
[WhiteElo "1960"]
[BlackElo "2199"]
[PlyCount "166"]
[EventDate "2024.01.09"]
[EventType "swiss (blitz)"]
[EventRounds "11"]
[EventCountry "USA"]
[SourceTitle "CB03_2024"]
[SourceDate "2024.01.17"]
[SourceVersion "1"]
[SourceVersionDate "2024.01.17"]
[SourceQuality "1"]

1. e4 e5 2. Nf3 Nc6 3. Bc4 Bc5 4. d3 Nf6 5. Nc3 d6 6. Na4 Bb6 7. a3 0-0 8. 0-0 Be6 9. Bxe6 fxe6 10. c3 Qe8 11. b4 Nh5 12. d4 exd4 13. cxd4 Rxf3 14. Nxb6 axb6 15. Qxf3 Nxd4 16. Qd3 e5 17. Be3 Ne6 18. Rac1 Kh8 19. f3 Nhf4 20. Qb3 Ne2+ 21. Kh1 Nxc1 22. Rxc1 Qd7 23. b5 Nc5 24. Bxc5 bxc5 25. a4 b6 26. h3 h6 27. Qc4 Qe8 28. Rf1 Qg8 29. Qc2 Qe6 30. f4 exf4 31. Rxf4 Kg8 32. Rg4 Rf8 33. Qc3 Qf6 34. Qc4+ Kh8 35. Qd5 Qd4 36. Qe6 Rf1+ 37. Kh2 Qe5+ 38. Qxe5 dxe5 39. Rg6 Rf6 40. Rg3 Rf4 41. Rd3 Rxe4 42. Rd7 Rxa4 43. Rxc7 Rb4 44. Re7 e4 45. Kg3 Rxb5 46. Kf4 Rb2 47. Kf5 Rxg2 48. Rxe4 Kh7 49. Re7 Rb2 50. Rc7 Rb3 51. h4 Rb4 52. h5 Rh4 53. Rc6 Rxh5+ 54. Kf4 Rh4+ 55. Kg3 Rb4 56. Kf3 c4 57. Ke3 Rb3+ 58. Kd4 b5 59. Rc5 Rb1 60. Kc3 Kg6 61. Rd5 h5 62. Rd6+ Kh7 63. Rd5 g6 64. Rd7+ Kh6 65. Rd8 h4 66. Rh8+ Kg5 67. Rh7 Kg4 68. Rg7 g5 69. Kc2 Rb3 70. Rd7 h3 71. Rd2 Kg3 72. Rd1 g4 73. Rg1+ Kh4 74. Rh1 g3 75. Rd1 h2 76. Rd4+ Kh3 77. Rd1 g2 78. Re1 h1Q 79. Ra1 Rc3+ 80. Kb2 Qxa1+ 81. Kxa1 g1Q+ 82. Ka2 Qg2+ 83. Kb1 Rb3+ 0-1

[Event "Titled Tuesday intern op 15th Aug Early"]
[Site "Chess.com INT"]
[Date "2023.08.15"]
[Round "9"]
[White "Lima, Artur Tin Lun Dai"]
[Black "Rouast, Joseph"]
[Result "1/2-1/2"]
[WhiteElo "2030"]
[BlackElo "2135"]
[PlyCount "151"]
[EventDate "2023.08.15"]
[EventType "swiss (blitz)"]
[EventRounds "11"]
[EventCountry "USA"]
[SourceTitle "EXT 2024"]
[Source "ChessBase"]
[SourceDate "2023.10.10"]
[SourceVersion "1"]
[SourceVersionDate "2023.10.10"]
[SourceQuality "1"]

1. e4 e5 2. Nf3 Nf6 3. Nxe5 d6 4. Nf3 Nxe4 5. Qe2 Qe7 6. Nc3 Nxc3 7. dxc3 Nc6 8. Be3 Bg4 9. 0-0-0 0-0-0 10. h3 Bh5 11. g4 Bg6 12. Bg2 Kb8 13. Kb1 Qd7 14. Nd4 Nxd4 15. Bxd4 h5 16. f4 hxg4 17. hxg4 Rxh1 18. Bxh1 f5 19. g5 Re8 20. Qf3 c6 21. c4 Qe6 22. b3 Qe2 23. Kb2 Bh5 24. Qxe2 Rxe2 25. Rd3 g6 26. Bf6 Kc7 27. Bf3 Bxf3 28. Rxf3 Rh2 29. Re3 Kd7 30. c5 dxc5 31. Rd3+ Ke6 32. Rd8 Bd6 33. Re8+ Kd7 34. Rg8 Bxf4 35. Rxg6 Rg2 36. Rg7+ Kc8 37. g6 Be3 38. Ka3 f4 39. Rg8+ Kc7 40. g7 Bd4 41. Rf8 Bxf6 42. g8Q Rxg8 43. Rxg8 Bd4 44. Rf8 c4 45. Rxf4 Bc5+ 46. Kb2 cxb3 47. axb3 Bd6 48. Re4 Kb6 49. Re2 Bc5 50. c3 a6 51. Re4 Bd6 52. b4 Kc7 53. Kb3 Kb6 54. Rg4 a5 55. Rg6 Bc7 56. Kc4 axb4 57. cxb4 Be5 58. Rg5 Bf4 59. Rg6 Be5 60. Re6 Bf4 61. Re2 Bd6 62. Re6 Bg3 63. Rg6 Bf4 64. Kb3 Be5 65. Ka4 Bf4 66. Re6 Bg3 67. Kb3 Bf4 68. Re2 Bc7 69. Rg2 Bf4 70. Rg6 Bc7 71. Kc4 Bf4 72. Rg7 Bg3 73. Rf7 Bh2 74. Rf2 Bg3 75. Rg2 Bc7 76. Rg6 1/2-1/2

[Event "Titled Tuesday intern op 15th Aug Late"]
[Site "Chess.com INT"]
[Date "2023.08.15"]
[Round "2"]
[White "Lima, Artur Tin Lun Dai"]
[Black "Shapiro, Viktor"]
[Result "0-1"]
[WhiteElo "2030"]
[BlackElo "2144"]
[PlyCount "66"]
[EventDate "2023.08.15"]
[EventType "swiss (blitz)"]
[EventRounds "11"]
[EventCountry "USA"]
[SourceTitle "EXT 2024"]
[Source "ChessBase"]
[SourceDate "2023.10.10"]
[SourceVersion "1"]
[SourceVersionDate "2023.10.10"]
[SourceQuality "1"]

1. e4 e5 2. Nf3 Nc6 3. Nc3 g6 4. d4 exd4 5. Nxd4 Bg7 6. Be3 Nf6 7. Be2 0-0 8. 0-0 Re8 9. Nxc6 bxc6 10. Bf3 Rb8 11. Rb1 a5 12. Qd2 d6 13. Rfd1 Nd7 14. Be2 Ne5 15. h3 Be6 16. Bd4 c5 17. Be3 Nc4 18. Bxc4 Bxc4 19. a3 Qf6 20. f3 Be6 21. Bg5 Qd4+ 22. Be3 Qxd2 23. Bxd2 f5 24. Nd5 Bxd5 25. exd5 a4 26. c3 Rb3 27. Bc1 Bxc3 28. Kf1 Reb8 29. Rd3 Bd4 30. Ke2 Kf7 31. Rxb3 Rxb3 32. Kd1 Kf6 33. f4 Rg3 0-1

[Event "Titled Tuesday intern op 15th Aug Early"]
[Site "Chess.com INT"]
[Date "2023.08.15"]
[Round "5"]
[White "Souza Neves, Andrey Marcelo"]
[Black "Lima, Artur Tin Lun Dai"]
[Result "0-1"]
[WhiteElo "2089"]
[BlackElo "2030"]
[PlyCount "72"]
[EventDate "2023.08.15"]
[EventType "swiss (blitz)"]
[EventRounds "11"]
[EventCountry "USA"]
[SourceTitle "EXT 2024"]
[Source "ChessBase"]
[SourceDate "2023.10.10"]
[SourceVersion "1"]
[SourceVersionDate "2023.10.10"]
[SourceQuality "1"]

1. d4 Nf6 2. c4 g6 3. Nc3 Bg7 4. e4 d6 5. Nf3 0-0 6. Be2 Bg4 7. Be3 e5 8. Qd2 Nc6 9. 0-0-0 Bxf3 10. Bxf3 Nxd4 11. Bxd4 exd4 12. Qxd4 Re8 13. Qd2 a6 14. Kb1 Nd7 15. Be2 Bxc3 16. Qxc3 Rxe4 17. Bf3 Rf4 18. Bxb7 Rb8 19. Bf3 Ne5 20. h4 Qf6 21. Rh3 Nxc4 22. Qxf6 Rxf6 23. b3 Ne5 24. Rc1 c5 25. Rc3 Rb4 26. h5 g5 27. h6 g4 28. Rg3 Kf8 29. Bd5 Rxf2 30. a3 Rd4 31. Bc4 Rd1+ 32. Rc1 Rdd2 33. b4 cxb4 34. axb4 Rb2+ 35. Ka1 Rxb4 36. Ra3 Rxc4 0-1

[Event "Titled Tuesday intern op 15th Aug Early"]
[Site "Chess.com INT"]
[Date "2023.08.15"]
[Round "6"]
[White "Tabuenca Mendataurigoitia, Daniel"]
[Black "Lima, Artur Tin Lun Dai"]
[Result "1-0"]
[WhiteElo "2359"]
[BlackElo "2030"]
[PlyCount "95"]
[EventDate "2023.08.15"]
[EventType "swiss (blitz)"]
[EventRounds "11"]
[EventCountry "USA"]
[SourceTitle "EXT 2024"]
[Source "ChessBase"]
[SourceDate "2023.10.10"]
[SourceVersion "1"]
[SourceVersionDate "2023.10.10"]
[SourceQuality "1"]

1. e4 c5 2. Nf3 d6 3. d4 cxd4 4. Nxd4 Nf6 5. Nc3 a6 6. Qe2 Nbd7 7. h3 g6 8. g3 Bg7 9. Bg2 0-0 10. Bg5 Qa5 11. f4 h6 12. Bh4 g5 13. Nb3 Qb4 14. fxg5 hxg5 15. Bxg5 a5 16. Bd2 Qb6 17. Qf2 a4 18. Qxb6 Nxb6 19. Nc1 Nc4 20. Nd3 a3 21. b3 Nxd2 22. Kxd2 Be6 23. Rae1 Ra5 24. Ne2 Bh6+ 25. Kd1 Rc8 26. Nd4 Bd7 27. g4 e5 28. Nf5 Bxf5 29. exf5 Rc7 30. Bf3 Ra8 31. g5 Bxg5 32. Rhg1 Nh7 33. h4 f6 34. hxg5 Nxg5 35. Bd5+ Kg7 36. c4 Rh8 37. Rh1 Rxh1 38. Rxh1 e4 39. Nf4 Re7 40. Ne6+ Nxe6 41. Bxe6 b6 42. Ke2 d5 43. cxd5 Rc7 44. Ke3 Rc2 45. Rg1+ Kh6 46. d6 Rxa2 47. d7 Rb2 48. d8Q 1-0

[Event "Titled Tuesday intern op 25th Jul Early"]
[Site "Chess.com INT"]
[Date "2023.07.25"]
[Round "5"]
[White "Jaskolka, Tomasz"]
[Black "Lima, Artur Tin Lun Dai"]
[Result "1-0"]
[WhiteElo "2238"]
[BlackElo "2030"]
[PlyCount "51"]
[EventDate "2023.07.25"]
[EventType "swiss (blitz)"]
[EventRounds "11"]
[EventCountry "USA"]
[SourceTitle "EXT 2024"]
[Source "ChessBase"]
[SourceDate "2023.10.10"]
[SourceVersion "1"]
[SourceVersionDate "2023.10.10"]
[SourceQuality "1"]

1. e4 c5 2. Nf3 e6 3. c3 Nf6 4. e5 Nd5 5. d4 cxd4 6. cxd4 d6 7. Bc4 Nc6 8. 0-0 Be7 9. Nc3 Nxc3 10. bxc3 0-0 11. Bd3 dxe5 12. dxe5 b6 13. Qe2 Qc7 14. Bg5 Bb7 15. Rfe1 h6 16. Bf4 Na5 17. Rac1 Rfd8 18. Nd4 a6 19. Qg4 Kh8 20. Re3 Rxd4 21. Rg3 Bf8 22. cxd4 Qd8 23. Bxh6 g6 24. Bg5 Rc8 25. Bxd8 Rxc1+ 26. Bf1 1-0

[Event "Titled Tuesday intern op 25th Jul Late"]
[Site "Chess.com INT"]
[Date "2023.07.25"]
[Round "9"]
[White "Lima, Artur Tin Lun Dai"]
[Black "Martine, Jean Christophe"]
[Result "1-0"]
[WhiteElo "2030"]
[BlackElo "2008"]
[PlyCount "87"]
[EventDate "2023.07.25"]
[EventType "swiss (blitz)"]
[EventRounds "11"]
[EventCountry "USA"]
[SourceTitle "EXT 2024"]
[Source "ChessBase"]
[SourceDate "2023.10.10"]
[SourceVersion "1"]
[SourceVersionDate "2023.10.10"]
[SourceQuality "1"]

1. e4 e5 2. Nf3 d6 3. Nc3 f5 4. d3 Nf6 5. Be2 Be7 6. 0-0 0-0 7. h3 c6 8. Re1 f4 9. d4 Qc7 10. Bc4+ Kh8 11. Ng5 h6 12. dxe5 dxe5 13. Ne6 Bxe6 14. Bxe6 Nbd7 15. Qf3 Nc5 16. Bb3 b5 17. Bd2 a5 18. a4 Nxb3 19. cxb3 b4 20. Ne2 Rad8 21. Red1 Rd7 22. Be1 Rfd8 23. Rxd7 Qxd7 24. Kf1 Qd3 25. Rc1 c5 26. Rc4 Qxf3 27. gxf3 Rd3 28. Rc2 Rxf3 29. Kg2 Rxb3 30. Nc1 f3+ 31. Kf1 c4 32. Nxb3 cxb3 33. Rc7 Bd6 34. Ra7 Nxe4 35. Rxa5 Kh7 36. Rb5 Bc5 37. a5 Bd4 38. Rxb4 Nc5 39. Bc3 Nd3 40. Rxb3 Bxf2 41. Bxe5 Nxe5 42. Kxf2 g5 43. a6 Nc6 44. a7 1-0

[Event "Titled Tuesday intern op 25th Jul Early"]
[Site "Chess.com INT"]
[Date "2023.07.25"]
[Round "7"]
[White "Lima, Artur Tin Lun Dai"]
[Black "Osmak, Iulija"]
[Result "1-0"]
[WhiteElo "2030"]
[BlackElo "2444"]
[PlyCount "85"]
[EventDate "2023.07.25"]
[EventType "swiss (blitz)"]
[EventRounds "11"]
[EventCountry "USA"]
[SourceTitle "EXT 2024"]
[Source "ChessBase"]
[SourceDate "2023.10.10"]
[SourceVersion "1"]
[SourceVersionDate "2023.10.10"]
[SourceQuality "1"]

1. e4 c5 2. Nf3 Nc6 3. Bb5 e6 4. 0-0 Nge7 5. Re1 a6 6. Bf1 b5 7. a4 b4 8. c3 Bb7 9. d4 cxd4 10. cxd4 d5 11. e5 Nf5 12. g4 Nh4 13. Be3 Nxf3+ 14. Qxf3 Be7 15. Nd2 0-0 16. Bd3 a5 17. Qh3 g6 18. Kg2 Ba6 19. Bc2 Rc8 20. Rac1 Qb6 21. Nb3 Bc4 22. Red1 Kh8 23. f4 f5 24. exf6 Rxf6 25. Nc5 Bxc5 26. dxc5 Qc7 27. g5 Rxf4 28. Bxf4 Qxf4 29. Qg3 Rf8 30. Qxf4 Rxf4 31. Kg3 Rf7 32. Re1 Nd4 33. Bd1 Kg7 34. Bg4 Re7 35. Rcd1 Nf5+ 36. Bxf5 gxf5 37. Kf4 Rc7 38. Rxe6 Rxc5 39. Re7+ Kg6 40. h4 d4 41. h5+ Kxh5 42. Rh1+ Kg6 43. Rh6# 1-0

[Event "Titled Tuesday intern op 25th Jul Early"]
[Site "Chess.com INT"]
[Date "2023.07.25"]
[Round "8"]
[White "Zhigalko, Sergei"]
[Black "Lima, Artur Tin Lun Dai"]
[Result "1-0"]
[WhiteElo "2572"]
[BlackElo "2030"]
[PlyCount "167"]
[EventDate "2023.07.25"]
[EventType "swiss (blitz)"]
[EventRounds "11"]
[EventCountry "USA"]
[SourceTitle "EXT 2024"]
[Source "ChessBase"]
[SourceDate "2023.10.10"]
[SourceVersion "1"]
[SourceVersionDate "2023.10.10"]
[SourceQuality "1"]

1. e4 c5 2. Nf3 d6 3. d4 cxd4 4. Qxd4 Nc6 5. Bb5 Bd7 6. Bxc6 Bxc6 7. Nc3 Nf6 8. Bg5 e6 9. 0-0-0 h6 10. Bh4 Be7 11. Rhe1 0-0 12. Kb1 Qa5 13. Qd2 Rfe8 14. Nd4 a6 15. f3 Nxe4 16. Rxe4 Bxe4 17. Bxe7 Bxc2+ 18. Nxc2 Rxe7 19. Qxd6 Ree8 20. Qb4 Qg5 21. Qg4 Qxg4 22. fxg4 Red8 23. Kc1 Rxd1+ 24. Kxd1 Rd8+ 25. Ke2 Kf8 26. Ke3 Ke7 27. Nd4 g6 28. a4 e5 29. Nf3 Ke6 30. g5 h5 31. Ke4 b5 32. axb5 axb5 33. Nxe5 b4 34. Nb5 Rd2 35. Nd3 f5+ 36. Ke3 Rd1 37. Nxb4 f4+ 38. Ke2 Rh1 39. h3 Kf5 40. Nd4+ Kxg5 41. Nd3 Rb1 42. Ne6+ Kf6 43. Nexf4 h4 44. Nd5+ Kf5 45. Nc3 Rg1 46. Kf2 Ra1 47. Kf3 g5 48. Kf2 Ra8 49. Ne2 Rd8 50. Ke3 Re8+ 51. Kd2 Rd8 52. Nc3 Rd7 53. Ke3 Re7+ 54. Kf3 Rd7 55. Nf2 Rd2 56. b4 Rb2 57. Nd5 Ke5 58. Ne3 Kf6 59. Ne4+ Kg6 60. Nd5 Rb3+ 61. Nec3 Kf5 62. b5 Ke5 63. b6 Kd6 64. Kg4 Rb2 65. Kxg5 Rxg2+ 66. Kxh4 Kc6 67. Kh5 Rg3 68. h4 Rg1 69. Kh6 Rg2 70. h5 Rg1 71. Kh7 Rg2 72. h6 Rg1 73. Kh8 Rg2 74. h7 Rg1 75. Ne2 Rg6 76. Nef4 Rg4 77. Ne7+ Kxb6 78. Neg6 Rg1 79. Nh4 Rg4 80. Nfg6 Rc4 81. Nf5 Rc8+ 82. Kg7 Rc7+ 83. Nfe7 Rc8 84. Nf8 1-0

[Event "Titled Tuesday intern op 18th Jul Early"]
[Site "Chess.com INT"]
[Date "2023.07.18"]
[Round "2"]
[White "Lima, Artur Tin Lun Dai"]
[Black "Valle Luis, Leo"]
[Result "0-1"]
[WhiteElo "2030"]
[BlackElo "2342"]
[PlyCount "62"]
[EventDate "2023.07.18"]
[EventType "swiss (blitz)"]
[EventRounds "11"]
[EventCountry "USA"]
[SourceTitle "EXT 2024"]
[Source "ChessBase"]
[SourceDate "2023.10.10"]
[SourceVersion "1"]
[SourceVersionDate "2023.10.10"]
[SourceQuality "1"]

1. e4 c6 2. d4 d5 3. exd5 cxd5 4. c4 Nf6 5. Nc3 Nc6 6. Bg5 e6 7. Nf3 Be7 8. cxd5 exd5 9. h3 0-0 10. Bd3 h6 11. Bh4 Re8 12. 0-0 Be6 13. Re1 Qb6 14. Na4 Qb4 15. a3 Qd6 16. Nc5 Nxd4 17. Nxd4 Qxc5 18. Nxe6 fxe6 19. Rxe6 Ne4 20. Bxe7 Rxe7 21. Bxe4 dxe4 22. Qb3 Kh8 23. Re1 Rf8 24. Re2 Qc1+ 25. Kh2 Qc7+ 26. g3 Ref7 27. Qe3 Rf3 28. Qd4 e3 29. Rxh6+ Kg8 30. Qd5+ R8f7 31. Re6 Rxf2+ 0-1

[Event "Titled Tuesday intern op 11th Jul Late"]
[Site "Chess.com INT"]
[Date "2023.07.11"]
[Round "7"]
[White "Lima, Artur Tin Lun Dai"]
[Black "Yarullina, Alina"]
[Result "1-0"]
[WhiteElo "2030"]
[BlackElo "2084"]
[PlyCount "31"]
[EventDate "2023.07.11"]
[EventType "swiss (blitz)"]
[EventRounds "11"]
[EventCountry "USA"]
[SourceTitle "EXT 2024"]
[Source "ChessBase"]
[SourceDate "2023.10.10"]
[SourceVersion "1"]
[SourceVersionDate "2023.10.10"]
[SourceQuality "1"]

1. a3 Nf6 2. d4 d6 3. Nf3 g6 4. c4 Bg7 5. Nc3 e6 6. e3 Nc6 7. Be2 Ne7 8. 0-0 0-0 9. b4 b6 10. Bb2 c5 11. Qb3 Qc7 12. Rad1 Rb8 13. dxc5 bxc5 14. Nb5 Qb7 15. Nxd6 cxb4 16. Nxb7 1-0

[Event "Joao Pessoa op"]
[Site "Joao Pessoa"]
[Date "2023.03.18"]
[Round "4"]
[White "Rocha, Vitor Firmo de Souz"]
[Black "Lima, Artur Tin Lun Dai"]
[Result "1/2-1/2"]
[WhiteElo "2127"]
[BlackElo "1975"]
[PlyCount "56"]
[EventDate "2023.03.17"]
[EventType "swiss"]
[EventRounds "6"]
[EventCountry "BRA"]
[SourceTitle "EXT 2024"]
[Source "ChessBase"]
[SourceDate "2023.10.10"]
[SourceVersion "1"]
[SourceVersionDate "2023.10.10"]
[SourceQuality "1"]

1. e4 c5 2. Nf3 e6 3. d4 cxd4 4. Nxd4 Nc6 5. Nb5 d6 6. c4 Nf6 7. N1c3 a6 8. Na3 Be7 9. Be2 b6 10. 0-0 Bb7 11. Be3 Ne5 12. Qd4 Ned7 13. f3 0-0 14. Rac1 Rc8 15. Rfd1 Qc7 16. Kh1 Qb8 17. Bf1 Bd8 18. Qd2 Bc7 19. Qf2 Kh8 20. Nc2 Rg8 21. Nd4 g5 22. g4 Rg6 23. Qd2 Rcg8 24. h3 h5 25. Bg2 hxg4 26. hxg4 Rh6+ 27. Kg1 Rhg6 28. Kh1 d5 1/2-1/2

[Event "BRA-ch 88th"]
[Site "Recife"]
[Date "2022.12.17"]
[Round "4"]
[White "Lima, Artur Tin Lun Dai"]
[Black "Aranha Filho, Alvaro Zimmermann"]
[Result "0-1"]
[WhiteElo "1883"]
[BlackElo "2196"]
[PlyCount "98"]
[EventDate "2022.12.15"]
[EventType "swiss"]
[EventRounds "11"]
[EventCountry "BRA"]
[SourceTitle "CBM 212 Extra"]
[Source "ChessBase"]
[SourceDate "2023.03.31"]
[SourceVersion "1"]
[SourceVersionDate "2023.03.31"]
[SourceQuality "1"]

1. e4 c5 2. Nf3 a6 3. c3 d5 4. exd5 Nf6 5. d4 cxd4 6. cxd4 Nxd5 7. Nc3 Nc6 8. Be2 e6 9. 0-0 Be7 10. Re1 0-0 11. Ne5 Nxc3 12. bxc3 Nxe5 13. dxe5 Qc7 14. Bf3 Qxc3 15. Rb1 Rd8 16. Qe2 Qc7 17. Bf4 Rb8 18. Rec1 Qa5 19. Qe3 b6 20. Rc7 Bd7 21. Bg5 Bxg5 22. Qxg5 f6 23. Qe3 Qxe5 24. Qxe5 fxe5 25. Re1 Bb5 26. Rxe5 Rbc8 27. Rxc8 Rxc8 28. g4 Kf7 29. Be2 Bxe2 30. Rxe2 Rc3 31. Kg2 g5 32. f3 b5 33. h3 b4 34. Rb2 a5 35. Re2 Kf6 36. Kf2 a4 37. Kg3 b3 38. axb3 Rxb3 39. Re4 a3 40. Ra4 h6 41. Ra5 Ke7 42. Ra6 Rc3 43. Kg2 Rc2+ 44. Kg3 a2 45. f4 Rc3+ 46. Kg2 gxf4 47. Rxa2 Kf6 48. Ra5 e5 49. Ra8 Ke6 0-1